Statistics for Top 10 Biggest African Countries by Area

Click here to take the quiz!

General Stats

  • This quiz has been taken 72,208 times
    (72,130 since last reset)
  • The average score is 9 of 10

Answer Stats

km2Country% Correct
2,344,858D.R. Congo
96%
2,381,741Algeria
95%
1,221,037South Africa
94%
1,886,068Sudan
92%
1,267,000Niger
90%
1,759,540Libya
88%
1,284,000Chad
87%
1,240,192Mali
80%
1,104,300Ethiopia
78%
1,246,700Angola
74%

Score Distribution

Percentile by Number Answered

Percent of People with Each Score

Your Score History

You have not taken this quiz since the last reset